000 00617nam a2200181Ia 4500
008 100917s9999 xx 000 0 und d
082 _b50411
100 _aकेदार आनंद
245 _aफोनने वाजवला बेंडबाजा
260 _bमॅजेस्टिक प्रकाशन
_c1981
300 _a68
365 _b6
520 _aबालविभाग
630 _aफोनने वाजवला बेंडबाजा
650 _aबालविभाग
730 _aफोनने वाजवला बेंडबाजा
942 _cBOOK
999 _c655805
_d655802